Steps in classical arthropod biological control / (Record no. 8648)

MARC details
000 -LEADER
fixed length control field 00777nam a22002292 4500
001 - CONTROL NUMBER
control field 0000018775
005 - DATE AND TIME OF LATEST TRANSACTION
control field 20151217152134.0
008 - FIXED-LENGTH DATA ELEMENTS--GENERAL INFORMATION
fixed length control field 100629s xx 000 0 eng d
020 ## - INTERNATIONAL STANDARD BOOK NUMBER
International Standard Book Number 0938522469 :
040 ## - CATALOGING SOURCE
Original cataloging agency KABU
Transcribing agency KABU
245 10 - TITLE STATEMENT
Title Steps in classical arthropod biological control /
Statement of responsibility, etc. R. G. Van Driesche, T. S. Bellows, editors.
250 ## - EDITION STATEMENT
Edition statement 1st ed.
260 ## - PUBLICATION, DISTRIBUTION, ETC. (IMPRINT)
Place of publication, distribution, etc. Lanham, Maryland :
Name of publisher, distributor, etc. ESA,
Date of publication, distribution, etc. 1993.
300 ## - PHYSICAL DESCRIPTION
Extent 88 p.
650 #0 - SUBJECT ADDED ENTRY--TOPICAL TERM
Topical term or geographic name as entry element Insect pests
Form subdivision Congresses
General subdivision Biological control.
-- 0000178162
650 #0 - SUBJECT ADDED ENTRY--TOPICAL TERM
Topical term or geographic name as entry element Arthropod pests
Form subdivision Congresses
General subdivision Biological control.
-- 0000178163
700 1# - ADDED ENTRY--PERSONAL NAME
Personal name Van Driesche, R. G.
-- 0000178164
700 1# - ADDED ENTRY--PERSONAL NAME
Personal name Bellows, T. S.
-- 0000178165
852 1# - LOCATION
-- p300 KES
908 ## - PUT COMMAND PARAMETER (RLIN)
Put command parameter 100629
950 ## - LOCAL HOLDINGS (RLIN)
-- 1
Holdings
Withdrawn status Lost status Source of classification or shelving scheme Not for loan Home library Current library Date acquired Total Checkouts Full call number Barcode Date last seen Price effective from Koha item type
    Library of Congress Classification   Kabarak, Main Campus Kabarak, Main Campus 17/12/2015   SB933.3 .S74 1993 c. 1 24743 17/12/2015 17/12/2015 General Collection
Designed with assistance from East African Informatics Ltd